00603nam a2200169Ia 4500008004000000020001800040082001500058100003400073245005500107260003600162300001400198650001600212690001800228906001100246999001900257952015700276210210b2005 xxu||||| |||| 00| 0 eng d a81 86771 87 5 a305.4 REDW aREDDY (V Narayan) and others. aWomen in development: challenges and achievements. aN DbSerials Publicationsc2005 axviii,345 aWomen Woman aWomen Studies a060888 c107909d107909 001040708SociologyaALbALcSociologyd2021-02-17eSchool Book Company, Mangaloreg950.00l0o305.4 REDWp060888r2021-02-17 00:00:00w2021-02-17yBK